00583nam a2200181 a 4500008004100000050001400041100003500055245007900090250001200169260003400181300002400215350000900239490003700248500004900285650001700334650001500351700003500366120416s1985 ||||||||||||||||| || u aHD 31 Kas aKast, Fremont Ellsworth, 1926-10aOrganization and management: a systems and contingency approach. (4th ed.) a4th ed. aNew York :bMcGraw-Hillc1985 axiii, 720 p. : ill. a0.00 aMcGraw-Hill series in management aIncludes indexes. -Bibliography: p. 691-699. aORGANIZATION 0aMANAGEMENT aRosenzweig, James Erwin, 1929-